Native Americans and energy development /

Bibliographic Details
Other Authors: Jorgensen, Joseph G., 1934-2008
Format: Book
Language:English
Published: Cambridge, Mass. : Anthropology Resource Center, [1978]
Subjects:

MARC

Tag First Indicator Second Indicator Subfields
LEADER 00000cam a2200000 i 4500
001 in00000665205
005 20151015080156.0
008 790228s1978 mauaf b 00000 eng
010 |a  78072986  
020 |a 0932978037 
035 |a (OCoLC)04834202 
035 |9 ACX6002AM 
040 |a DLC  |c DLC  |d TXA  |d UtOrBLW 
043 |a n-us--- 
049 |a TXAM  |c [931239] 
050 0 0 |a E98.E2  |b N37 
082 0 |a 333.7 
245 0 0 |a Native Americans and energy development /  |c Joseph G. Jorgensen [and others] ; pref. by Harris Arthur ; photos. by Lilian Kemp. 
264 1 |a Cambridge, Mass. :  |b Anthropology Resource Center,  |c [1978] 
264 4 |c ©1978 
300 |a 89 pages, 2 unnumbered leaves of plates :  |b illustrations ;  |c 28 cm. 
336 |a text  |b txt  |2 rdacontent 
337 |a unmediated  |b n  |2 rdamedia 
338 |a volume  |b nc  |2 rdacarrier 
504 |a Bibliography: pages 87-88. 
650 0 |a Indians of North America  |x Economic conditions. 
650 0 |a Power resources  |z United States. 
650 0 |a Indian reservations. 
650 0 |a Indians of North America  |x Social conditions. 
700 1 |a Jorgensen, Joseph G.,  |d 1934-2008. 
999 |a MARS 
999 f f |s 5557c00b-d14c-34e9-92a1-eee3ac7db235  |i c9b5d144-66ac-3034-9721-19bef78d909f  |t 0 
952 f f |p normal  |a Texas A&M University  |b College Station  |c Sterling C. Evans Library  |d Evans: Library Stacks  |t 0  |e E98.E2 N37  |h Library of Congress classification  |i unmediated -- volume  |m A14802136139 
998 f f |a E98.E2 N37  |t 0  |l Evans: Library Stacks